[Event "Challenge"]
[Site "http://www.queenalice.com/game.php?id=1114139"]
[Date "2012.10.19"]
[Round "-"]
[White "Matt_Murdock"]
[Black "agilulfo"]
[Result "0-1"]
[WhiteElo "1258"]
[BlackElo "1876"]

1. e4 c5 2. Nf3 d6 3. Bc4 Nf6 4. d3 g6 5. O-O Bg7 6. c3 O-O 7. e5 dxe5 8. Nxe5
a6 9. Nxf7 Rxf7 10. Bxf7+ Kxf7 11. c4 b5 12. Qb3 Bf5 13. cxb5+ Be6 14. Qa3 Nbd7
15. bxa6 Nd5 16. Nc3 Nxc3 17. bxc3 Qc8 18. a7 Qc7 19. Qa4 Rxa7 20. Qf4+ Qxf4 21.
Bxf4 Bxc3 22. Rac1 Bd4 23. Rfe1 Rxa2 24. Bg3 Rd2 25. Rcd1 Rxd1 26. Rxd1 Ne5 27.
Bxe5 Bxe5 28. Rc1 Bd4 29. h3 Bd5 30. Rb1 Kf6 31. g4 h5 32. Rf1 hxg4 33. hxg4 Kg5
34. Re1 e6 35. Rb1 Kxg4 36. Rb8 Kf3 37. Kf1 Bxf2 38. Rf8+ Ke3 39. Rxf2 Kxd3 40.
Rf4 c4 41. Ke1 c3 42. Kd1 g5 43. Rf1 g4 44. Rg1 Bf3+ 45. Kc1 e5 46. Re1 e4 0-1

[Event "New Game"]
[Site "http://www.queenalice.com/game.php?id=1114374"]
[Date "2012.10.20"]
[Round "-"]
[White "Sk8"]
[Black "Matt_Murdock"]
[Result "1-0"]
[WhiteElo "1645"]
[BlackElo "1311"]

1. e4 c5 2. Bc4 e6 3. Nf3 Nf6 4. e5 Ng4 5. d3 g6 6. Bg5 Qc7 7. Nc3 d6 8. Qe2 Nc6
9. Bb5 Bg7 10. Bf4 dxe5 11. Bxc6+ Qxc6 12. Bxe5 O-O 13. Bxg7 Kxg7 14. h3 Nf6 15.
Ne4 Nd5 16. Nfg5 f6 17. Nf3 f5 18. Neg5 h6 19. Qe5+ Rf6 20. h4 Kf8 21. c4 hxg5
22. hxg5 Rf7 23. cxd5 exd5 24. Rh8# 1-0

[Event "VS"]
[Site "http://www.queenalice.com/game.php?id=1114375"]
[Date "2012.10.20"]
[Round "-"]
[White "Matt_Murdock"]
[Black "Sk8"]
[Result "0-1"]
[WhiteElo "1335"]
[BlackElo "1703"]

1. e4 e5 2. Nf3 Nc6 3. Bc4 Nf6 4. d3 Bb4+ 5. c3 Bc5 6. b4 Bb6 7. b5 Na5 8. Nxe5
Nxc4 9. dxc4 Nxe4 10. Qf3 Nf6 11. O-O d6 12. Rd1 Qe7 13. Ba3 Qxe5 14. Bb4 a5 15.
Ba3 Bg4 16. Qe3 Bxe3 17. Re1 Bxf2+ 18. Kxf2 Ne4+ 19. Kg1 Qf4 20. Rf1 Qe3+ 21.
Kh1 Be2 22. Bc1 Nf2+ 23. Kg1 Nh3+ 24. Kh1 Qg1+ 25. Rxg1 Nf2# 0-1

[Event "giochiamo"]
[Site "http://www.queenalice.com/game.php?id=1129136"]
[Date "2012.12.7"]
[Round "-"]
[White "sasosaso"]
[Black "Matt_Murdock"]
[Result "1-0"]
[WhiteElo "1899"]
[BlackElo "1307"]

1. e4 c5 2. Nf3 d6 3. d4 Nf6 4. Nc3 Qa5 5. Bd2 g6 6. e5 Nfd7 7. Nd5 Qa4 8. Bb5
Qxb5 9. Nc7+ Kd8 10. Nxb5 a6 11. Ba5+ b6 12. Nxd6 exd6 13. Ng5 Ke8 14. Qf3 f6
15. exf6 Ra7 16. Qe4+ Kd8 17. Nf7+ Kc7 18. Nxh8 bxa5 19. dxc5 Nxc5 20. Qe8 Bh6
21. Nf7 Bd7 22. Qd8+ Kb7 23. Nxh6 1-0

[Event "giochiamo"]
[Site "http://www.queenalice.com/game.php?id=1129137"]
[Date "2012.12.7"]
[Round "-"]
[White "Matt_Murdock"]
[Black "sasosaso"]
[Result "0-1"]
[WhiteElo "1206"]
[BlackElo "2024"]

1. e4 c5 2. Nf3 d6 3. d3 e5 4. g3 Nf6 5. Bg2 Nc6 6. O-O Be7 7. c4 Bg4 8. Nc3 Nd4
9. Qa4+ Bd7 10. Qd1 O-O 11. h3 a6 12. a4 Qc8 13. a5 Bxh3 14. Bxh3 Qxh3 15. Ng5
Qd7 16. Na4 Bd8 17. Bd2 Ng4 18. f3 Nf6 19. g4 h5 20. gxh5 Nxh5 21. f4 Ng3 22.
Rf2 Nb3 23. Qxb3 Qg4 24. Rg2 exf4 25. Qd1 Qxg5 26. Qf3 Bf6 27. Bxf4 Bd4+ 28. Rf2
Ne2+ 29. Kf1 Qg1+ 30. Kxe2 Qxa1 31. Rf1 Qxa4 32. Bxd6 Qc2+ 33. Ke1 Qxb2 34. Bxf8
Bc3+ 35. Kd1 Qd2# 0-1

[Event "Challenge"]
[Site "http://www.queenalice.com/game.php?id=1137684"]
[Date "2013.1.6"]
[Round "-"]
[White "jbugg"]
[Black "Matt_Murdock"]
[Result "0-1"]
[WhiteElo "1358"]
[BlackElo "1307"]

1. e4 c5 2. Nc3 d6 3. Nd5 e6 4. Nc3 g6 5. Nf3 Bg7 6. Bd3 Nf6 7. h3 O-O 8. O-O a6
9. Qe2 b5 10. b3 b4 11. Nd1 a5 12. Bb2 e5 13. Bb5 Bb7 14. c4 Bxe4 15. Nh4 g5 16.
Nf3 h6 17. d3 Bf5 18. Ne3 Bxd3 19. Qxd3 e4 20. Qe2 exf3 21. Qxf3 Na6 22. Bc6 Ra7
23. Nf5 Nb8 24. Nxg7 Kxg7 25. Bxf6+ Qxf6 26. Rad1 Qg6 27. Qg3 Nxc6 28. Rxd6 Qe4
29. Rd3 Rd8 30. Rf3 Nd4 31. Re3 Ne2+ 32. Rxe2 Qxe2 33. h4 Rd1 34. Rxd1 Qxd1+ 35.
Kh2 Qh5 36. Qe5+ f6 37. Qxc5 Qxh4+ 38. Kg1 Rd7 0-1

[Event "sei brutto"]
[Site "http://www.queenalice.com/game.php?id=1138999"]
[Date "2013.1.10"]
[Round "-"]
[White "agilulfo"]
[Black "Matt_Murdock"]
[Result "1-0"]
[WhiteElo "1869"]
[BlackElo "1183"]

1. d4 Nf6 2. c4 b6 3. Nc3 Ba6 4. e4 c5 5. dxc5 bxc5 6. e5 Nh5 7. Qxh5 g6 8. Qf3
Bg7 9. Qxa8 Qb6 10. g3 Bxe5 11. Qd5 f6 12. Na4 Qb4+ 13. Nc3 Bxc3+ 14. Bd2 Qxb2
15. Rd1 d6 16. Bxc3 Qxc3+ 17. Qd2 Qe5+ 18. Be2 O-O 19. Qd5+ e6 20. Qxe5 dxe5 21.
Nf3 e4 22. Nd2 Bb7 23. O-O f5 24. Nb3 Na6 25. Rd7 Rf7 26. Rfd1 Bc6 27. Rxf7 Kxf7
28. Kg2 h5 29. Rd6 Bb7 30. Rd7+ Kf6 31. Rxb7 e5 32. Rxa7 Nb4 33. Nxc5 f4 34.
Nxe4+ Kf5 35. f3 Nc2 36. h4 1-0

[Event "Challenge"]
[Site "http://www.queenalice.com/game.php?id=1139649"]
[Date "2013.1.12"]
[Round "-"]
[White "fcruzlopes"]
[Black "Matt_Murdock"]
[Result "1-0"]
[WhiteElo "1361"]
[BlackElo "1217"]

1. d4 d6 2. c4 e5 3. d5 Nf6 4. Nc3 g6 5. Bg5 Bg7 6. e4 O-O 7. Nf3 c6 8. Be2 h6
9. Bh4 g5 10. Nxg5 hxg5 11. Bxg5 a6 12. O-O b5 13. b3 b4 14. Na4 c5 15. f4 Qd7
16. Nb6 Qb7 17. Nxa8 Qxa8 18. fxe5 Nbd7 19. exf6 Bh8 20. Rf4 Re8 21. a3 Re5 22.
Bh4 a5 23. axb4 cxb4 24. Bd3 Nc5 25. Bc2 Bb7 26. Bg3 Qe8 27. Rg4+ Kf8 28. Qf3
Bc8 29. Rh4 Qd8 30. Rxh8# 1-0

[Event "Fai pena"]
[Site "http://www.queenalice.com/game.php?id=1140036"]
[Date "2013.1.12"]
[Round "-"]
[White "Matt_Murdock"]
[Black "agilulfo"]
[Result "0-1"]
[WhiteElo "1185"]
[BlackElo "1867"]

1. d4 Nf6 2. c4 g6 3. Nf3 Bg7 4. g3 O-O 5. Bg2 c5 6. O-O cxd4 7. Nxd4 Nc6 8. e3
Re8 9. a3 Nxd4 10. exd4 d6 11. b4 a5 12. b5 Qb6 13. Be3 Rd8 14. Nc3 Be6 15. d5
Qc7 16. dxe6 fxe6 17. Re1 d5 18. Bf4 Qxc4 19. Qc2 Ne4 20. Bxe4 dxe4 21. Re3 Rd3
22. Rae1 Qxc3 23. Qxc3 Bxc3 24. Rb1 Bd2 25. Rxe4 Bxf4 26. gxf4 Kf7 27. Rbe1 Rxa3
28. Kg2 Rb3 29. Rxe6 Re8 30. b6 a4 31. f3 a3 32. h4 a2 33. R6e2 Rb1 0-1

[Event "benvenuto ciccio"]
[Site "http://www.queenalice.com/game.php?id=1140418"]
[Date "2013.1.14"]
[Round "-"]
[White "Matt_Murdock"]
[Black "TRICKYTRAPS83"]
[Result "0-1"]
[WhiteElo "1204"]
[BlackElo "1290"]

1. e4 e5 2. c3 c6 3. Nf3 Qf6 4. g3 Na6 5. Bg2 Nc5 6. d3 d6 7. b4 Na6 8. O-O Bg4
9. h3 Be6 10. Re1 g6 11. Na3 Bh6 12. Nc4 O-O-O 13. Ba3 d5 14. Ncxe5 dxe4 15.
Rxe4 Bd5 16. Rd4 Ne7 17. c4 Bxf3 18. Qxf3 Qxe5 19. Bb2 Rxd4 20. Bxd4 Qxd4 21.
Rb1 Rd8 22. a3 Qxd3 23. Rc1 Qxf3 24. Bxf3 Bxc1 25. b5 cxb5 26. cxb5 Nc5 0-1

[Event "Challenge"]
[Site "http://www.queenalice.com/game.php?id=1141146"]
[Date "2013.1.16"]
[Round "-"]
[White "DiamondsKing1"]
[Black "Matt_Murdock"]
[Result "1-0"]
[WhiteElo "1065"]
[BlackElo "1241"]

1. b3 d5 2. Bb2 Nf6 3. c4 c6 4. Nh3 g6 5. a4 a5 6. Nc3 Bg7 7. Nf4 e5 8. Nd3 e4
9. Ne5 Qe7 10. Nb1 O-O 11. g4 Nxg4 12. e3 Bxe5 13. Bxe5 Nxe5 14. d4 Nf3+ 15. Ke2
Bg4 16. Nd2 Nxh2+ 17. f3 Nxf3 18. Bh3 Qe6 19. Kf2 Bxh3 20. Nxf3 Bg4 21. Kg2 1-0

[Event "AUTO-BEG-585"]
[Site "http://www.queenalice.com/game.php?id=1187164"]
[Date "2013.6.2"]
[Round "1"]
[White "Severynnas"]
[Black "Matt_Murdock"]
[Result "1-0"]
[WhiteElo "1308"]
[BlackElo "1210"]

1. d4 d6 2. f4 c5 3. dxc5 dxc5 4. Qxd8+ Kxd8 5. Be3 e6 6. Nc3 b6 7. Rd1+ Bd7 8.
Ne4 Nf6 9. Nxf6 gxf6 10. g4 e5 11. fxe5 fxe5 12. Nf3 Nc6 13. Rxd7+ Kxd7 14. h4
Nb4 15. Nxe5+ Ke6 16. Nf3 Nxc2+ 17. Kd1 1-0

[Event "AUTO-BEG-585"]
[Site "http://www.queenalice.com/game.php?id=1187165"]
[Date "2013.6.2"]
[Round "1"]
[White "Matt_Murdock"]
[Black "Severynnas"]
[Result "1-0"]
[WhiteElo "1188"]
[BlackElo "1329"]

1. e4 c5 2. Nf3 Nf6 3. Nc3 a5 4. a4 g5 5. Nxg5 Bh6 6. d3 O-O 7. b3 Bxg5 8. Bxg5
Nc6 9. Nd5 Nxd5 10. exd5 Nb8 11. Qg4 e5 12. Bxd8+ Kh8 13. Bf6# 1-0

[Event "AUTO-BEG-585"]
[Site "http://www.queenalice.com/game.php?id=1187182"]
[Date "2013.6.2"]
[Round "1"]
[White "fabpav"]
[Black "Matt_Murdock"]
[Result "1-0"]
[WhiteElo "1203"]
[BlackElo "1204"]

1. e4 c5 2. f4 e6 3. Nf3 d5 4. Bb5+ Bd7 5. Nc3 g6 6. O-O Bxb5 7. Nxb5 Qb6 8. a4
dxe4 9. Ne5 f6 10. Nc4 Qd8 11. Qg4 f5 12. Qe2 a6 13. Nc3 Nf6 14. d3 exd3 15.
Qxe6+ Be7 16. Rd1 Nbd7 17. Nd6+ Kf8 18. Nf7 1-0